Missing Word: 1990s 'S' Song Endings II Quiz Stats

 Plays Quiz Updated Mar 24, 2020

Support Sporcle.
Go Orange.
Score 0/20 Timer 04:00
0 Plays Today
Song Missing Word % Correct
Step by _____Step
94.4%
I'm Too _____Sexy
85.3%
Can't _____Stop
72%
Club at the End of the _____Street
71.6%
Searchin' My _____Soul
71.3%
All _____Star
70%
I Will _____Survive
68.4%
Been Caught _____Stealing
59.7%
Rico _____Suave
56.7%
I'll Be by Your _____Side
55.8%
Song Missing Word % Correct
Heart of _____Stone
52.3%
You'll _____See
49.7%
Are You That _____?Somebody
48%
Enjoy the _____Silence
45.2%
I _____Swear
43%
You Remind Me of _____Something
34.9%
Until It _____Sleeps
27.9%
Red Light _____Special
26.6%
Almost Hear You _____Sigh
19.5%
(I Know I Got) _____Skillz
13.2%

Today's Daily Dose

Word Ladder
GOT7 Songs

Quick Pick
Women Comedians

Get the Picture
Collectibles

From the Vault

10 'Gen' Words

by samc67

We generally like vocabulary quizzes.
Remove Ads.
Support Sporcle.
Get the best of Sporcle when you Go Orange. This ad-free experience offers more features, more stats, and more fun while also helping to support Sporcle. Thank you for becoming a member.

Show Comments

Extras

Top Quizzes Today


Score Distribution

Your Account Isn't Verified!

In order to create a playlist on Sporcle, you need to verify the email address you used during registration. Go to your Sporcle Settings to finish the process.

Report this User

Report this user for behavior that violates our Community Guidelines.

Details: